000 00483cam a2200181ua 4500
001 2776
008 110908n ii |||gr||||Z||||||asm
040 _cMAIN
082 _a891.4512
100 1 _aSarmah, Satyandranath,
245 1 1 _aParamparagata pracya natyabhinaya
_cby Satyandranath Sarmah
250 _a1st.
260 _aGuahati:
_bNew book stall,970.
300 _a194p:
_bill;
_c23cm.
653 _aAssamese drama
653 _aParamparagata pracya natyabhinaya
942 _cBK
999 _c2625
_d2625